Determinants and informational value of sovereign credit ratings /
Saved in:
| Main Author: | |
|---|---|
| Format: | Thesis Book |
| Language: | English |
| Published: |
2021.
|
| Subjects: | |
| Tags: |
Add Tag
No Tags, Be the first to tag this record!
|
| LEADER | 01362nam a2200373 i 4500 | ||
|---|---|---|---|
| 001 | u1148558 | ||
| 003 | SIRSI | ||
| 005 | 202110111618 | ||
| 008 | 211011s2021 my a m 000 0 eng | ||
| 040 | |a UMM |e rda | ||
| 090 | |a HA1 |b UMP 2021 Lim | ||
| 100 | 1 | |a Lim, Kok Tiong, |e author. | |
| 245 | 1 | 0 | |a Determinants and informational value of sovereign credit ratings / |c Lim Kok Tiong. |
| 264 | 1 | |c 2021. | |
| 300 | |a xiv, 220 leaves : |b illustrations ; |c 30 cm | ||
| 336 | |a text |2 rdacontent | ||
| 336 | |a still image |2 rdacontent | ||
| 337 | |a unmediated |2 rdamedia | ||
| 337 | |a computer |2 rdamedia | ||
| 338 | |a volume |2 rdacarrier | ||
| 338 | |a computer disc |2 rdacarrier | ||
| 502 | |b Ph.D. |c Jabatan Statistik Gunaan, Fakulti Ekonomi dan Pentadbiran, Universiti Malaya |d 2021. | ||
| 504 | |a Bibliography: leaves 189-194. | ||
| 530 | |a Also issued in CD. | ||
| 650 | 0 | |a Credit ratings. | |
| 650 | 0 | |a Debts, External. | |
| 650 | 0 | |a Fiscal policy. | |
| 650 | 0 | |a Debts, Public. | |
| 650 | 0 | |a Swaps (Finance) | |
| 650 | 0 | |a Default (Finance) | |
| 710 | 2 | |a Universiti Malaya. |b Jabatan Statistik Gunaan, |e degree granting institution. | |
| 900 | |a NNANS NSM | ||
| 596 | |a 1 | ||
| 999 | |a HA1 UMP 2021 LIM |w LC |c 1 |i A517054338 |f 8/11/2021 |g 1 |l RESTRICTED |m P01UTAMA |r Y |s Y |t TESIS |u 8/11/2021 |1 AHSS |o .PUBLIC. Embargoed until 31.12.2023 |o .STAFF. Item kept in BPM 08.11.2021 -msp | ||
